000
00366nam a2200133Ia 4500
008
151001s9999||||xx |||||||||||||| ||und||
100
_a
मधुकर तोरडमल
245
_a
तुंबडया
250
_a
1
260
_b
राजेंद्र प्रकाशन ठाणे
260
_c
2007
300
_a
159
365
_b
21
999
_c
994583
_d
994580